000 00294nam a22001337a 4500
008 170522b xxu||||| |||| 00| 0 eng d
020 _a2901403992757
041 _aeng
080 _22ND
_a94
100 _a16
101 _aSHH
245 _aHISTORY OF CHINA
_cROBERTS, J.A.G
942 _2udc
_cBK
999 _c13798
_d13798